000 00270nam a2200109Ia 4500
008 200302s9999 xx 000 0 und d
100 _aA. Faulkner Taylor
245 _aPhotography in Commerce and Industry
260 _bFountain Press.
260 _c1962
300 _a414 P.,
999 _c458
_d458